حقيقة العلمانية : (Record no. 14190)
[ view plain ]
| 000 -الفاتح | |
|---|---|
| حقل البيانات ثابتة الطول | 00730nam a22001577a 4500 |
| 008 - عناصر البيانات ثابتة الطول - معلومات عامة | |
| حقل البيانات ثابتة الطول | 100623s1989 ua|||||r|||| 000 0 ara d |
| 082 ## - رقم تصنيف ديوى العشرى | |
| رقم الطبعة | 22 |
| رقم التصنيف | 201.16 |
| رقم المادة | ف ر غ |
| 100 ## - المدخل الرئيسى - إسم شخصى | |
| 9 (RLIN) | 15132 |
| الإسم الشخصى | فرغلي، يحيى هاشم حسن |
| 245 ## - بيان العنوان | |
| العنوان | حقيقة العلمانية : |
| بقية العنوان | /بين الخرافة والتخريب |
| بيان المسئوليه,etc | يحيى هاشم حسن فرغلي |
| 260 ## - PUBLICATION, DISTRIBUTION, ETC. (IMPRINT) | |
| مكان الناشر او الموزع | القاهرة ك |
| اسم الناشر او الموزع | دار الصابوني ، [1989?] |
| تاريخ النشر أو التوزيع | [1989?] |
| 300 ## - الوصف المادى | |
| التعداد | 425 ص ؛ |
| أبعاد الوعاء | 23 سم |
| 500 ## - تبصرة عامة | |
| تبصرة عامة | يشتمل على حواشي |
| 650 ## - المدخل الاضافى بالموضوع-مصطلح موضوعى | |
| 9 (RLIN) | 8609 |
| مصطلح موضوعي أو اسم جغرافي كعنصر مدخل | العلمانية |
| 942 ## - عناصر المدخل الإضافي( كوها) | |
| مصدر التصنيف او مخطط الترفيف | Dewey Decimal Classification |
| Koha [default] item type | Book - Borrowing |
| حالة التراجع | حالة الفقد | مصدر التصنيف او خطة الترفيف | حالة تلف | ليس للاعارة | مجموعات كوها | المكان الدائم | المكان الحالي | موقع الترفيف | تاريخ الاكتساب | Source of acquisition | رقم الاستدعاء | الباركود | Date last seen | نوع الوعاء |
|---|---|---|---|---|---|---|---|---|---|---|---|---|---|---|
| Dewey Decimal Classification | Central Library | Central Library | Lower Floor | 23/06/2010 | 201.16 فرغ | 000021162 | 15/07/2025 | Book - Borrowing |